01027nam a2200241 a 450000500170000000800400001704000250005704100080008204400070009010000300009724502840012726000540041130000170046550200830048265000120056565000210057765000210059865000240061966200190064370000390066270000420070170000420074320191224041838.0160829b ck|||||rm||| 00| 0 spa d aCO-BoIAVHcCO-BoIAVH aspa ack1 aTorres Martínez, Lorena10aEvaluación del polimorfismo de marcadores microsatélites en Guadua angustifolia (Poaceae: Bambusoideae) para la caracterización molecular de las accesiones del banco de germoplasma de Bambusoideae del Jardín Botánico Juan María Céspedes de Tuluá - Valle del Cauca aSantiago de Cali:bUniversidad del Valle, c2008. a63 páginas aTrabajo de grado presentado como requisito para optar al título de biólogo14aBambues14aMaterial vegetal14aMicrosatélites14aanálisis de datos dTulúabValle1 aCárdenas Henao, HeibereDirector1 aPérez, Carlos AndréseCo-director1 aLópez, Diana CarolinaeCo-directora